000 00574nam a22001937a 4500
999 _c159466
_d159466
005 20181219122448.0
010 _aENG-124577
020 _c595.00
_a9789352718368
035 _aEN-108109
037 _bDBAD/PUB
082 _a346.5402
100 _aGupta, Parul
245 0 0 _cby Parul Gupta
_aLegal aspects of business:concepts and applications/
260 _aNoida
_bVikas Publishing House
_c2018
270 _aE-28, Sector-8,
_bNoida
_e201301
300 _axx,772p.
_c24cm(pbk)
500 _aIt includes index
942 _2ddc
_cEN
_mGUP
_h346.5402